000 00415nam a2200133Ia 4500
008 220217s9999||||xx |||||||||||||| ||und||
020 _a9788131809426
082 _a624.25 PUN
100 _aPunmia, B.C., Jain, Ashok, K and Jain, Arun, K
245 0 _aReinforced cement concrete designs
260 _aLaxmi Publishing House
_bBangalore
_c2016
300 _aXXIII, 1246p.
_b925
650 _aCONCRETE TECHNOLOGY
999 _c187275
_d187275